| 000 | 00592nam a22001817a 4500 | ||
|---|---|---|---|
| 005 | 20250407113455.0 | ||
| 008 | 250407b |||||||| |||| 00| 0 eng d | ||
| 020 | _a9789387471672 | ||
| 041 | _aeng | ||
| 082 | _a658.4063 SET | ||
| 100 | _aSet, Satish | ||
| 245 | _aBusiness 2025: Driving Growth Through Strategic Innovation Entrepreneurship and Digitisation | ||
| 260 |
_aNew Delhi _bBloomsbury _c2018 |
||
| 300 | _a181;. pages: 24 cm | ||
| 650 | _aSocial Responsibility of Business; Social Entrepreneurship; Strategic Planning | ||
| 700 | _aBatra, J K and Singh, Preeti | ||
| 942 | _cBK | ||
| 999 |
_c43597 _d43597 |
||